| 000 | 00668nam a2200217Ia 4500 | ||
|---|---|---|---|
| 003 | GCL | ||
| 008 | 140319s9999 xx 000 0 ara d | ||
| 040 |
_aGCL / _cGCL |
||
| 082 | 0 | 4 |
_a791.43 _bف م |
| 100 | 1 | _aمانفل , روجر | |
| 245 | 1 | 0 |
_aالفيلم والجمهور (هدية من الاديب عبدالفتاح الجمل) / _cمانفل , روجر |
| 700 | 1 | _aمولينتى منصور?(ترجمة) | |
| 700 | 1 | _aيوسف عمون | |
| 300 | _a198 ص | ||
| 490 | _a | ||
| 650 | 0 | 4 | _aالافلام السينمائية |
| 650 | 0 | 4 | _aالسينما |
| 650 | 0 | 4 | _aالاخراج السينمائى |
| 650 | 0 | 4 | _aالافلام |
| 942 |
_2ddc _cBK |
||
| 999 |
_c40877 _d40877 |
||